00614nam a22001577a 4500008004100000040005500041080002200096100003000118245004100148260005600189300001100245650002600256942001200282999001700294952014500311230405b |||||||| |||| 00| 0 eng d aNational Science LibrarycNational Science Library a061.3/.001.1 bK0 aKindler, Herbert S 96268 aOrganizing the technical conference  bNew York: cReinhold Publishing corporation, d1960 a139p.  aTechnical conference  2udccBK c18410d18410 00102udc40606130011_K070927262aNSLbNSLcGF/Rk-4/C-23/R-2d2004-06-25l0o061.3/.001.1 K0p184265r2023-04-05 00:00:00w2004-06-25yBK